000 00639nam a22002057a 4500
005 20150915125228.0
010 _aENG-113940
020 _c400.00
_a9789350450680
035 _aEN-97472
037 _bDBAD/PUB
_adpl
082 _aS
100 _aDaniels, Michael Chacko
245 _aThe mendonca mystery and other stories /
_cby Michael Chacko Daniels ; illustrated by Krittika Ramanujan [and] Aaron Bass
260 _aCalcutta
_bWriters Workshop
_c2014
270 _a162/92, Lake Gardens,
_bCalcutta
_e700045
300 _a209p.
_c22cm(Hb)
700 _aRamanujan, Krittika
700 _aBass, Aaron
942 _2ddc
_cEN
_mDAN
_hS
999 _c96512
_d96512